Statistics for Biggest Cities in Gujarat

Click here to take the quiz!

General Stats

  • This quiz has been taken 57 times
  • The average score is 7 of 10

Answer Stats

PopulationCity% Correct
5,577,940Ahmedabad
100%
4,650,161Surat
92%
2,065,771Vadodara
92%
1,286,678Rajkot
88%
206,167Gandhinagar
71%
600,943Jamnagar
71%
945,769Bhavnagar
57%
319,462Junagadh
47%
225,132Nadiad
41%
248,705Gandhidham
29%

Score Distribution

Percentile by Number Answered

Percent of People with Each Score

Your Score History

You have not taken this quiz